[Event "Isey Skyr Open 2019"]
[Site "Selfoss"]
[Date "2019.11.28"]
[Round "6.5"]
[White "Jonsson, Gauti Pall"]
[Black "Kjartansson, Gudmundur"]
[Result "0-1"]
[WhiteElo "2040"]
[BlackElo "2454"]
[Annotator "TA"]
[PlyCount "80"]
[EventDate "2019.11.21"]
[EventType "swiss"]
[EventCountry "ISL"]
[SourceTitle "playchess.com"]
[Source "ChessBase"]
[SourceQuality "1"]

{[%evp 9,80,54,55,55,71,55,44,46,54,27,50,23,25,26,29,31,25,6,19,-22,-25,-19,-16,-36,-12,-23,23,29,25,11,11,-13,-14,-43,-18,-91,-99,-111,-109,-108,-114,-118,-106,-116,-101,-122,-120,-204,-210,-287,-224,-217,-177,-167,-89,-260,-233,-443,-449,-379,-110,-117,-113,-816,-38,-761,-751,-29986,-29987,-29987,-29988,-29989,-29990]} 1. d4 Nf6 2. c4 b6 3. f3 Nc6 (3... Bb7 4. e4 e6 5. Nc3 d5 6. cxd5 exd5 7. e5 Nfd7 8. f4 c5 9. Nf3 Nc6 10. Be3 cxd4 11. Nxd4 Bc5 12. Bb5 Nxd4 13. Bxd4 {1-0 (33) Matlakov,M (2700)-Mamedyarov,S (2817) St Petersburg 2018}) 4. Nc3 e5 5. d5 Ne7 6. e4 {A50: Queen's Fianchetto Defence (1 d4 Nf6 2 c4 b6)} Ng6 7. Be3 Bc5 8. Qd2 {White is slightly better.} d6 9. Bd3 $146 ({Predecessor:} 9. O-O-O Bd7 10. Kb1 Bxe3 11. Qxe3 {1-0 (40) Rodshtein,M (2699)-Stupak,K (2588) Katowice 2017}) 9... Nh5 10. Nge2 Bxe3 11. Qxe3 Nhf4 12. Nxf4 Nxf4 13. Qd2 O-O 14. h4 Nxd3+ 15. Qxd3 f5 16. O-O-O Qe7 17. Rde1 f4 18. Qe2 Bd7 19. Reg1 a6 {[%cal Ba7a6,Ba6a5][%mdl 32]} 20. b3 b5 21. Kc2 b4 22. Nb1 (22. Nd1 $11 {remains equal.}) 22... a5 $17 23. a4 bxa3 $1 24. Nxa3 Rfb8 25. Rb1 Rb4 26. Kc3 Qd8 27. Nc2 Rb6 28. c5 (28. Ra1 $17) 28... dxc5 $19 29. Na3 a4 {...axb3 is the strong threat.} 30. Qc4 Qb8 {Strongly threatening ...axb3.} 31. Qxc5 Rxb3+ ({Black should try} 31... axb3 $19 32. Rb2 c6) 32. Kc2 $2 (32. Rxb3 $17 Qxb3+ 33. Kd2) 32... Qb7 33. Rhc1 $2 {[#]} (33. Rhd1) 33... Qa6 $1 {[%cal Ra6e2][%mdl 512]} 34. Rxb3 Qe2+ $2 (34... axb3+ $19 {has better winning chances.} 35. Kc3 Qxa3 36. Qxa3 Rxa3) 35. Kc3 $17 axb3 36. Nc4 $2 {[%mdl 8192]} (36. d6 $17 Be6 37. dxc7) 36... Rb8 $2 (36... Qxg2 $19 37. Nxe5 Ra2) 37. Nb2 $2 {[%mdl 8192]} (37. Qa7 $15 Re8 38. Kxb3) 37... Qxg2 $19 38. Qe7 Qxf3+ {[%mdl 64] [#] Double Attack. Black mates.} 39. Nd3 Bb5 40. Qxc7 Qxd3+ {Accuracy: White = 28%, Black = 60%.} 0-1

[Event "Isey Skyr Open 2019"]
[Site "Selfoss"]
[Date "2019.11.29"]
[Round "7.1"]
[White "Kjartansson, David"]
[Black "Gretarsson, Hjorvar Steinn"]
[Result "0-1"]
[WhiteElo "2385"]
[BlackElo "2568"]
[Annotator "RC"]
[PlyCount "62"]
[EventDate "2019.11.21"]
[EventType "swiss"]
[EventCountry "ISL"]
[SourceTitle "playchess.com"]
[Source "ChessBase"]
[SourceQuality "1"]
[TimeControl "40/5400+30:900+30"]

1. d4 {[%emt 0:00:00]} Nf6 {[%emt 0:00:00]} 2. c4 {[%emt 0:00:00]} e6 {[%emt 0:01:03]} 3. Nf3 {[%emt 0:00:00]} Bb4+ {[%emt 0:02:37]} 4. Nbd2 {[%emt 0:02:06]} d5 {[%emt 0:00:54]} 5. Qa4+ {[%emt 0:07:28]} Nc6 {[%emt 0:00:08]} 6. a3 {[%emt 0:01:35]} Bxd2+ {[%emt 0:03:57]} 7. Bxd2 {[%emt 0:00:20]} Ne4 {[%emt 0:00:32]} 8. e3 {[%emt 0:01:58]} O-O {[%emt 0:01:16]} 9. Bd3 {[%emt 0:02:14]} Nxd2 {[%emt 0:12:09]} 10. Nxd2 {[%emt 0:00:39]} dxc4 {[%emt 0:03:21]} 11. Be4 {[%emt 0:06:14]} e5 {[%emt 0:02:52]} 12. Bxc6 {[%emt 0:06:16]} bxc6 {[%emt 0:00:44]} 13. O-O {[%emt 0:14:43]} exd4 {[%emt 0:03:03]} 14. Nxc4 {[%emt 0:01:46]} Be6 {[%emt 0:09:31]} 15. Rfd1 {[%emt 0:15:21]} c5 {[%emt 0:03:43]} 16. Rac1 {[%emt 0:12:48]} Qg5 {[%emt 0:20:11]} 17. h4 {[%emt 0:17:53]} Qxh4 {[%emt 0:02:43]} 18. exd4 {[%emt 0:00:25]} Rad8 {[%emt 0:07:18]} 19. Ne5 {[%emt 0:00:35]} Bd5 {[%emt 0:12:21]} 20. Rxc5 {[%emt 0:03:18]} Qe4 {[%emt 0:01:18]} 21. Nf3 {[%emt 0:02:54]} Rd6 {[%emt 0:03:32]} 22. Qc2 {[%emt 0:01:53]} Qxc2 {[%emt 0:00:19]} 23. Rxc2 {[%emt 0:00:04]} Bb3 {[%emt 0:00:06]} 24. Rdc1 {[%emt 0:00:17]} Bxc2 {[%emt 0:00:07]} 25. Rxc2 {[%emt 0:00:03]} c6 {[%emt 0:00:46]} 26. Kf1 {[%emt 0:01:15]} Re8 {[%emt 0:00:50]} 27. Rc4 {[%emt 0:00:26]} f6 {[%emt 0:00:20]} 28. Nd2 {[%emt 0:00:34]} Rde6 {[%emt 0:00:51]} 29. g3 {[%emt 0:00:28]} Re2 {[%emt 0:00:33]} 30. Nf3 {[%emt 0:00:21]} Rxb2 {[%emt 0:00:41]} 31. Rxc6 {[%emt 0:00:06]} Ree2 {[%emt 0:00:27]} 0-1

[Event "Isey Skyr Open 2019"]
[Site "Selfoss"]
[Date "2019.11.29"]
[Round "7.2"]
[White "Stefansson, Vignir Vatnar"]
[Black "Gunnarsson, Jon Viktor"]
[Result "1/2-1/2"]
[WhiteElo "2338"]
[BlackElo "2439"]
[Annotator "ChessBase"]
[PlyCount "30"]
[EventDate "2019.11.21"]
[EventType "swiss"]
[EventCountry "ISL"]
[SourceTitle "playchess.com"]
[Source "ChessBase"]
[SourceQuality "1"]
[TimeControl "40/5400+30:900+30"]

1. Nf3 {[%emt 0:00:00]} Nf6 {[%emt 0:00:00]} 2. d4 {[%emt 0:00:04]} e6 {[%emt 0:01:35]} 3. g3 {[%emt 0:00:27]} d5 {[%emt 0:00:16]} 4. c4 {[%emt 0:00:25]} Be7 {[%emt 0:00:27]} 5. Bg2 {[%emt 0:00:11]} O-O {[%emt 0:00:31]} 6. O-O {[%emt 0:00:11]} dxc4 {[%emt 0:00:53]} 7. Qc2 {[%emt 0:02:53]} a6 {[%emt 0:01:43]} 8. Qxc4 {[%emt 0:00:19]} b5 {[%emt 0:00:14]} 9. Qc2 {[%emt 0:00:29]} Bb7 {[%emt 0:00:23]} 10. Bd2 {[%emt 0:03:09]} Bd6 {[%emt 0:09:02]} 11. Re1 {[%emt 0:03:05]} Be4 {[%emt 0:02:47]} 12. Qc1 {[%emt 0:01:36]} Bb7 {[%emt 0:02:11]} 13. Qc2 {[%emt 0:03:00]} Be4 {[%emt 0:01:20]} 14. Qc1 {[%emt 0:00:48]} Bb7 {[%emt 0:00:06]} 15. Qc2 {[%emt 0:00:59]} Be4 {[%emt 0:01:59]} 1/2-1/2

[Event "Isey Skyr Open 2019"]
[Site "Selfoss"]
[Date "2019.11.29"]
[Round "7.3"]
[White "Kjartansson, Gudmundur"]
[Black "Thorfinnsson, Bragi"]
[Result "1/2-1/2"]
[WhiteElo "2454"]
[BlackElo "2446"]
[Annotator "ChessBase"]
[PlyCount "138"]
[EventDate "2019.11.21"]
[EventType "swiss"]
[EventCountry "ISL"]
[SourceTitle "playchess.com"]
[Source "ChessBase"]
[SourceQuality "1"]
[TimeControl "40/5400+30:900+30"]

1. e4 {[%emt 0:00:00]} c5 {[%emt 0:04:03]} 2. Nf3 {[%emt 0:00:00]} d6 {[%emt 0:01:09]} 3. d4 {[%emt 0:00:00]} cxd4 {[%emt 0:00:23]} 4. Nxd4 {[%emt 0:00:03]} Nf6 {[%emt 0:00:43]} 5. Nc3 {[%emt 0:00:08]} g6 {[%emt 0:01:26]} 6. Be3 {[%emt 0:00:20]} a6 {[%emt 0:00:27]} 7. f3 {[%emt 0:02:08]} Nbd7 {[%emt 0:03:05]} 8. Qd2 {[%emt 0:01:44]} b5 {[%emt 0:03:53]} 9. a4 {[%emt 0:13:58]} b4 {[%emt 0:05:33]} 10. Nd5 {[%emt 0:08:39]} Nxd5 {[%emt 0:03:16]} 11. exd5 {[%emt 0:06:09]} Bb7 {[%emt 0:01:56]} 12. Nc6 {[%emt 0:00:29]} Qc7 {[%emt 0:02:04]} 13. Bd4 {[%emt 0:03:46]} f6 {[%emt 0:03:54]} 14. Nxb4 {[%emt 0:01:29]} a5 {[%emt 0:06:10]} 15. Nc6 {[%emt 0:02:17]} Bxc6 {[%emt 0:01:40]} 16. dxc6 {[%emt 0:00:04]} Qxc6 {[%emt 0:00:52]} 17. Bb5 {[%emt 0:00:10]} Qb7 {[%emt 0:03:49]} 18. O-O {[%emt 0:11:12]} e5 {[%emt 0:02:22]} 19. Be3 {[%emt 0:02:11]} Be7 {[%emt 0:06:15]} 20. Ra3 {[%emt 0:08:24]} d5 {[%emt 0:08:04]} 21. Rb3 {[%emt 0:10:27]} d4 {[%emt 0:02:57]} 22. Rd1 {[%emt 0:04:13]} Qd5 {[%emt 0:06:01]} 23. Qe2 {[%emt 0:05:45]} Rc8 {[%emt 0:03:02]} 24. Rc3 {[%emt 0:01:16]} Rc5 {[%emt 0:10:03]} 25. Rxc5 {[%emt 0:05:01]} Bxc5 {[%emt 0:01:28]} 26. c3 {[%emt 0:00:19]} Kd8 {[%emt 0:02:40]} 27. Bxd7 {[%emt 0:03:23]} Kxd7 {[%emt 0:00:38]} 28. Qb5+ {[%emt 0:01:29]} Ke6 {[%emt 0:00:43]} 29. cxd4 {[%emt 0:02:59]} Bxd4 {[%emt 0:04:00]} 30. Qa6+ {[%emt 0:00:20]} Kf7 {[%emt 0:00:25]} 31. Bxd4 {[%emt 0:00:33]} Rd8 {[%emt 0:00:27]} 32. Qa7+ {[%emt 0:03:15]} Rd7 {[%emt 0:00:39]} 33. Qb6 {[%emt 0:01:30]} exd4 {[%emt 0:00:51]} 34. Rd3 {[%emt 0:01:22]} Qc4 {[%emt 0:01:37]} 35. Qb5 {[%emt 0:00:30]} Qxb5 {[%emt 0:04:06]} 36. axb5 {[%emt 0:00:02]} Ke6 {[%emt 0:00:14]} 37. Kf1 {[%emt 0:00:38]} Kd5 {[%emt 0:00:19]} 38. Ra3 {[%emt 0:00:16]} Kc4 {[%emt 0:02:19]} 39. Rxa5 {[%emt 0:00:31]} Kd3 {[%emt 0:03:15]} 40. b3 {[%emt 0:00:00]} Rb7 {[%emt 0:00:00]} 41. Ke1 {[%emt 0:06:37]} Kc2 {[%emt 0:04:50]} 42. Ra4 {[%emt 0:05:36]} Re7+ {[%emt 0:02:11]} 43. Kf2 {[%emt 0:00:05]} d3 {[%emt 0:00:37]} 44. Rc4+ {[%emt 0:00:29]} Kxb3 {[%emt 0:00:57]} 45. Rd4 {[%emt 0:00:12]} Kc3 {[%emt 0:01:38]} 46. Rd6 {[%emt 0:00:55]} Re2+ {[%emt 0:00:54]} 47. Kf1 {[%emt 0:00:25]} Rb2 {[%emt 0:01:10]} 48. Rc6+ {[%emt 0:00:08]} Kd4 {[%emt 0:01:44]} 49. Rd6+ {[%emt 0:00:33]} Ke3 {[%emt 0:00:33]} 50. Re6+ {[%emt 0:00:06]} Kd2 {[%emt 0:00:51]} 51. b6 {[%emt 0:01:11]} f5 {[%emt 0:01:11]} 52. Rc6 {[%emt 0:02:06]} Ke3 {[%emt 0:02:24]} 53. Re6+ {[%emt 0:00:15]} Kd2 {[%emt 0:00:53]} 54. Rc6 {[%emt 0:00:09]} Kd1 {[%emt 0:00:04]} 55. Rc3 {[%emt 0:01:02]} d2 {[%emt 0:00:58]} 56. Rc6 {[%emt 0:00:10]} Rc2 {[%emt 0:00:56]} 57. Rd6 {[%emt 0:00:48]} Rb2 {[%emt 0:01:19]} 58. Rc6 {[%emt 0:00:05]} Rb1 {[%emt 0:00:36]} 59. Kf2 {[%emt 0:01:06]} f4 {[%emt 0:01:11]} 60. h4 {[%emt 0:02:54]} Rb5 {[%emt 0:00:53]} 61. Rf6 {[%emt 0:01:22]} Rb2 {[%emt 0:00:24]} 62. Rc6 {[%emt 0:00:36]} h5 {[%emt 0:00:14]} 63. Rxg6 {[%emt 0:01:21]} Kc1 {[%emt 0:02:29]} 64. Rc6+ {[%emt 0:00:21]} Rc2 {[%emt 0:00:36]} 65. Rxc2+ {[%emt 0:00:28]} Kxc2 {[%emt 0:00:05]} 66. b7 {[%emt 0:00:02]} d1=Q {[%emt 0:00:12]} 67. b8=Q {[%emt 0:00:03]} Qd2+ {[%emt 0:00:34]} 68. Kf1 {[%emt 0:00:43]} Qd1+ {[%emt 0:00:13]} 69. Kf2 {[%emt 0:00:03]} Qd2+ {[%emt 0:00:05]} 1/2-1/2

[Event "Isey Skyr Open 2019"]
[Site "Selfoss"]
[Date "2019.11.29"]
[Round "7.4"]
[White "Gislason, Gudmundur"]
[Black "Hardarson, Petur Palmi"]
[Result "0-1"]
[WhiteElo "2336"]
[BlackElo "1993"]
[Annotator "NA"]
[PlyCount "71"]
[EventDate "2019.11.21"]
[EventType "swiss"]
[EventCountry "ISL"]
[SourceTitle "playchess.com"]
[Source "ChessBase"]
[SourceQuality "1"]
[TimeControl "40/5400+30:900+30"]

1. d4 {[%emt 0:00:00]} Nf6 {[%emt 0:01:20]} 2. g3 {[%emt 0:00:00]} g6 {[%emt 0:00:16]} 3. Bg2 {[%emt 0:00:00]} Bg7 {[%emt 0:00:14]} 4. e4 {[%emt 0:00:00]} d6 {[%emt 0:00:50]} 5. Ne2 {[%emt 0:00:52]} O-O {[%emt 0:02:43]} 6. h3 {[%emt 0:00:55] B06: Modern Defence} (6. Nbc3 e5 7. h3 exd4 8. Nxd4 Bd7 9. O-O Nc6 10. Nb3 Re8 11. Re1 a6 12. a4 Be6 13. Nd5 Ne5 14. Nd4 Bd7 15. Bg5 c6 16. Nxf6+ Bxf6 17. Bxf6 Qxf6 {1-0 (66) Zubov,A (2612)-Demchenko,A (2645) Konya 2017}) 6... c5 {[%emt 0:01:25]} 7. d5 {[%emt 0:00:22]} Na6 {[%emt 0:07:31]} 8. O-O {[%emt 0:00:34]} Rb8 {[%emt 0:01:30]} 9. a4 {[%emt 0:00:07]} Nc7 {[%emt 0:01:57]} 10. Na3 {[%emt 0:06:54]} Nd7 $146 {[%emt 0:05:43]} ({Predecessor:} 10... b6 11. c3 Bd7 12. Re1 a6 13. Rb1 b5 14. axb5 Nxb5 {½-½ (57) Slogar,D (2330)-Horvath,T (2416) Sentjur 2009}) 11. Nc4 {[%emt 0:02:21]} a6 {[%emt 0:05:46]} 12. Bd2 {[%emt 0:07:48]} Ne5 {[%emt 0:03:56]} 13. Nxe5 {[%emt 0:08:52]} Bxe5 {[%emt 0:00:10]} 14. Qc1 {[%emt 0:05:42]} b5 {[%emt 0:05:39]} 15. Bh6 {[%emt 0:02:34]} Bg7 {[%emt 0:01:17]} 16. Bxg7 {[%emt 0:00:18]} Kxg7 {[%emt 0:00:12]} 17. f4 {[%emt 0:01:01]} Na8 {[%emt 0:11:32]} 18. axb5 {[%emt 0:00:59]} axb5 {[%emt 0:05:05]} 19. f5 {[%emt 0:00:27]} Nb6 {[%emt 0:00:57]} 20. Kh1 $11 {[%emt 0:08:40]} Nc4 {[%emt 0:01:57]} 21. Ra7 {[%emt 0:10:07]} Bd7 {[%emt 0:04:30]} 22. b4 {[%emt 0:10:14]} cxb4 {[%emt 0:02:05]} 23. Nd4 {[%emt 0:01:19]} Ra8 {[%emt 0:01:48]} 24. Qa1 {[%emt 0:16:23]} Ne5 {[%emt 0:01:01]} 25. Rb1 {[%emt 0:02:57]} Rxa7 {[%emt 0:05:44]} 26. Qxa7 {[%emt 0:00:06]} Qa8 {[%emt 0:00:27]} 27. Ra1 {[%emt 0:03:44]} Qxa7 {[%emt 0:01:39]} 28. Rxa7 {[%emt 0:00:03]} Rc8 {[%emt 0:00:57]} 29. Bf1 {[%emt 0:05:52]} gxf5 {[%emt 0:02:17]} 30. exf5 {[%emt 0:01:15]} Rc5 {[%emt 0:01:19]} 31. Ne6+ {[%emt 0:02:10]} fxe6 {[%emt 0:01:30]} 32. fxe6 {[%emt 0:00:04]} Be8 {[%emt 0:02:00]} 33. Rxe7+ {[%emt 0:00:37]} Kf8 {[%emt 0:00:09]} 34. Rxh7 {[%emt 0:00:33]} Rc4 {[%emt 0:00:48]} 35. c3 Rxc3 {[%emt 0:00:30]} 36. Rh8+ {[%emt 0:00:00] Rc2} 0-1

[Event "Isey Skyr Open 2019"]
[Site "Selfoss"]
[Date "2019.11.29"]
[Round "7.5"]
[White "Petursson, Gudni"]
[Black "Gardarsson, Hordur"]
[Result "1-0"]
[WhiteElo "2045"]
[BlackElo "1586"]
[Annotator "NA"]
[PlyCount "97"]
[EventDate "2019.11.21"]
[EventType "swiss"]
[EventCountry "ISL"]
[SourceTitle "playchess.com"]
[Source "ChessBase"]
[SourceQuality "1"]
[TimeControl "40/5400+30:900+30"]

1. Nf3 {[%emt 0:00:00]} c5 {[%emt 0:02:07]} 2. c4 {[%emt 0:00:00]} Nc6 {[%emt 0:00:10]} 3. g3 {[%emt 0:00:18]} g6 {[%emt 0:01:14]} 4. Bg2 {[%emt 0:00:00]} Bg7 {[%emt 0:00:10]} 5. O-O {[%emt 0:00:00]} Nf6 {[%emt 0:01:54]} 6. Nc3 {[%emt 0:00:00]} O-O {[%emt 0:00:12]} 7. d4 {[%emt 0:00:13]} cxd4 {[%emt 0:00:14]} 8. Nxd4 {[%emt 0:00:03]} a6 {[%emt 0:00:39]} 9. e3 {[%emt 0:00:44]} Qc7 {[%emt 0:02:17]} 10. b3 {[%emt 0:00:22]} d6 {[%emt 0:00:34]} 11. Bb2 {[%emt 0:00:04]} Bd7 {[%emt 0:02:51]} 12. Rc1 {[%emt 0:00:16]} Qa5 {[%emt 0:02:42]} 13. Qd2 {[%emt 0:07:34]} Rac8 {[%emt 0:01:57]} 14. Rfd1 {[%emt 0:00:10]} Qh5 {[%emt 0:03:33]} 15. Nde2 {[%emt 0:06:13]} g5 {[%emt 0:02:05]} 16. Nd4 {[%emt 0:00:32]} Bh3 {[%emt 0:08:27]} 17. f3 {[%emt 0:01:47]} Bxg2 {[%emt 0:02:15]} 18. Kxg2 {[%emt 0:00:11]} Qg6 {[%emt 0:01:36]} 19. g4 {[%emt 0:00:31]} e6 {[%emt 0:01:06]} 20. Qd3 {[%emt 0:01:46]} Ne5 {[%emt 0:01:43]} 21. Qxg6 {[%emt 0:02:45]} Nxg6 {[%emt 0:00:32]} 22. Ba3 {[%emt 0:00:57]} Rfd8 {[%emt 0:02:14]} 23. Nde2 {[%emt 0:00:18]} Bf8 {[%emt 0:04:41]} 24. Ng3 {[%emt 0:01:00]} d5 {[%emt 0:07:21]} 25. Bxf8 {[%emt 0:00:11]} Kxf8 {[%emt 0:00:39]} 26. cxd5 {[%emt 0:00:30]} exd5 {[%emt 0:00:00]} 27. Nce2 {[%emt 0:00:43]} Ne7 {[%emt 0:02:08]} 28. Nd4 {[%emt 0:00:27]} Nc6 {[%emt 0:01:20]} 29. Nxc6 {[%emt 0:00:58]} bxc6 {[%emt 0:03:01]} 30. Nf5 {[%emt 0:00:16]} Ne8 {[%emt 0:07:27]} 31. Rc5 {[%emt 0:00:27]} Ng7 {[%emt 0:00:37]} 32. Nd4 {[%emt 0:01:07]} Rd6 {[%emt 0:00:20]} 33. Rdc1 {[%emt 0:00:36]} Ne6 {[%emt 0:06:38]} 34. Rxc6 {[%emt 0:02:51]} Rdxc6 {[%emt 0:00:38]} 35. Rxc6 {[%emt 0:00:01]} Rxc6 {[%emt 0:00:44]} 36. Nxc6 {[%emt 0:00:02]} Ke8 {[%emt 0:00:45]} 37. Kf2 {[%emt 0:01:12]} f6 {[%emt 0:04:52]} 38. Ke2 {[%emt 0:00:19]} Nc7 {[%emt 0:00:50]} 39. Kd3 {[%emt 0:00:24]} Kd7 {[%emt 0:00:32]} 40. Nd4 {[%emt 0:00:00]} Kd6 {[%emt 0:00:00]} 41. b4 {[%emt 0:00:51]} h6 {[%emt 0:02:46]} 42. a4 {[%emt 0:00:05]} Kd7 {[%emt 0:01:16]} 43. Nf5 {[%emt 0:00:10]} Ne6 {[%emt 0:00:48]} 44. Nxh6 {[%emt 0:00:18]} a5 {[%emt 0:00:52]} 45. bxa5 {[%emt 0:00:29]} Nc5+ {[%emt 0:00:26]} 46. Kd4 {[%emt 0:00:20]} Kc6 {[%emt 0:00:07]} 47. Ng8 {[%emt 0:00:19]} Nb3+ {[%emt 0:01:34]} 48. Kc3 {[%emt 0:00:28]} Nxa5 {[%emt 0:00:47]} 49. Nxf6 {[%emt 0:00:21]} 1-0